00163nam a2200061Ia 4500245002400000100003600024008004100060 0aTwisted playground  a FORBES, Bryan London, 1993 210825s9999 xx 000 0 und d